| 000 | 00710nam a2200241 a 4500 | ||
|---|---|---|---|
| 001 | 57889 | ||
| 003 | BD-RjUL | ||
| 005 | 20211209080549.0 | ||
| 008 | 161212s1979 enka b 001 0 eng | ||
| 020 | _a0300023103 | ||
| 035 | _a(BD-RjUL)58013 | ||
| 040 |
_aDLC _cDLC _dBD-RjUL _beng |
||
| 041 | _aeng | ||
| 082 | 0 | 0 |
_a658.52 _223 _bCLJ 1979 |
| 100 | 1 |
_aClark, Rodney, _d1945 August 7- _9171947 |
|
| 245 | 1 | 4 |
_aThe Japanese company / _cRodney Clark. |
| 260 |
_aNew Haven : _bYale University Press, _cc1979. |
||
| 300 |
_ax, 282 p. : _bill. ; _c24 cm. |
||
| 504 | _aIncludes index and Bibliographical reference | ||
| 650 | 0 |
_aIndustrial management _zJapan. _9171948 |
|
| 942 |
_2ddc _cBK |
||
| 999 |
_c57889 _d57889 |
||